Statistics for Popular Girls and Boys Names

Click here to take the quiz!

General Stats

  • This quiz has been taken 29 times
  • The average score is 2 of 10

Answer Stats

ANSWER% Correct
John
63%
Alice
29%
Olivia
29%
Jack
25%
Adam
21%
Isabella
21%
Matthew
17%
Grace
13%
Bryan
4%
Maya
4%

Score Distribution

Percentile by Number Answered

Percent of People with Each Score

Your Score History

You have not taken this quiz